000 00629nam a2200229Ia 4500
003 BUBTL
008 151213s9999 xx 000 0 und d
020 _a0-07-286905-4
082 _a658.5
_bSTM
100 _aW.,J. Stevenson
245 _aOperation Management
_cW.,J. Stevenson
250 _a8th
260 _aNew Delhi
_bMc Grow Hill
_c2005
300 _a[xiv] , 848p . :
_bill , Table ,Graph ; 23cm .
_cManagement .
500 _aIncludes Index .
650 _aManagement
650 _aManagement
700 _aW.,J. Stevenson
856 _k0
_l0
_yDownload
942 _2ddc
_cBK
999 _c2686
_d2686